000 00702nam a2200181Ia 4500
008 151018s9999 xx 000 0 und d
082 _bRBASDV51212
_a305.8914
100 _aगौरीलाल साह ठूलघरीया
245 _aसाह वंश का इतिहास
250 _b1
260 _bराजेंद्रलाल साह प्रकाशन
_c2009
300 _a158
600 _aगौरीलाल साह ठूलघरीया
630 _aसाह वंश का इतिहास
700 _aगौरीलाल साह ठूलघरीया
730 _aसाह वंश का इतिहास
942 _cBOOK
999 _c1050104
_d1050101